| 000 | 01730nam0a22004931 4500 | ||
|---|---|---|---|
| 001 | RU\NLR\A1SV\35355 | ||
| 005 | 20251203171251.9 | ||
| 035 | _a(NLR Aleph) 009717851 | ||
| 090 |
_a9861968 _c9861968 |
||
| 100 | _a19801017d1925 u y0rusy50 ca | ||
| 101 | 1 |
_arus _cger |
|
| 102 | _aRU | ||
| 200 | 1 |
_aКоммунистическое движение детей _e(Опыт работы герман. деткомгрупп) _fЭдвин Гернле _gПер. с нем. |
|
| 210 |
_aМ. _cМол. гвардия _d1925 |
||
| 215 |
_a108, [1] с. _cил. _d20 см |
||
| 225 |
_aДет. ком. движение _eБ-ка вожатого |
||
| 300 | _aЗагл. ориг.: Die Arbeiterklasse und ihre Kinder. Пер. также под загл.: "Детское коммунистическое движение", "Коммунистические детские группы", "Работа в коммунистических детских группах" | ||
| 300 | _aНапеч. в Ленинграде | ||
| 620 | _dМосква | ||
| 620 | _dСанкт-Петербург | ||
| 700 | 1 |
_6z01790 _aХернле _bЭ. _f1883-1952 _gЭдвин _4070 |
|
| 790 | 1 |
_6z01700 _aГернле |
|
| 801 | 0 |
_aRU _bNLR _c19801017 |
|
| 852 |
_aNLR _j18/57 |
||
| 899 | _aГОПБ | ||
| 899 | _aКирОУНБ | ||
| 899 | _aБАН | ||
| 899 | _aГПИБ | ||
| 899 | _aНБУВ | ||
| 899 | _aSLK | ||
| 899 | _aРГБ | ||
| 899 | _aРКП | ||
| 899 | _aМГУ | ||
| 899 | _aНБЛ КГУ | ||
| 899 | _aСПбГУ | ||
| 899 |
_aНБ РС _z(Я) |
||
| 899 | _aСамОУНБ | ||
| 899 | _aУОНБ | ||
| 899 | _aНБ ТГУ | ||
| 899 | _aНБ Бел. | ||
| 942 | _cBOOK | ||
| 980 | _aNB | ||
| 980 | _aA1SV | ||